000 00358nam a22001577a 4500
003 MPLRDC
005 20220104125550.0
008 210129b ||||| |||| 00| 0 eng d
082 _a868.71 CX-2
100 _a陈欣
245 _a银针集
_c
260 _a
_b萌芽出版社
_c1979
300 _b
650 _a马华文学
942 _cBK
_o868.71 CX-2
999 _c28377
_d28367